000 00728nam a2200253Ia 4500
003 OSt
005 20220928115738.0
006 a|||||r|||| 00| 0
007 ta
008 220927b |||||||| |||| 00| 0 eng d
020 _c1604
024 _a100592
037 _b259, 11/09/2009, Bharatiya Sahitya Bhavana
_cTextual
040 _aSDCL
_cSDCL
_beng
041 _2eng
_aeng
082 _aV1'N, N9
100 _aDiakonoff Igor M
_9445884
245 0 _aPaths of history.
260 _aCambridge
_bCambridge University Press
_c1999
300 _axi,355p
_ccm.
650 _aHistory
942 _hV1'N, N9
_cTEXL
_2CC
999 _c760753
_d760753